[Event "Wch U16 Girls"]
[Site "Montesilvano"]
[Date "2023.11.18"]
[Round "6"]
[White "Bayaraa, Bilguun"]
[Black "Ismayil, Seljan"]
[Result "0-1"]
[WhiteElo "1712"]
[BlackElo "1384"]
[PlyCount "76"]
[EventDate "2023.11.13"]
[EventType "swiss"]
[EventRounds "11"]
[EventCountry "ITA"]
[SourceTitle "CB48_2023"]
[SourceDate "2023.11.29"]
[SourceVersion "1"]
[SourceVersionDate "2023.11.29"]
[SourceQuality "1"]

1. d4 d5 2. c4 e6 3. Nc3 a6 4. e3 Nf6 5. Nf3 Nc6 6. Be2 Be7 7. 0-0 0-0 8. a3 b6 9. b4 dxc4 10. Bxc4 Nd5 11. Ne2 Nf6 12. Qc2 Bb7 13. e4 Na7 14. Bd3 g6 15. Nd2 Rc8 16. Nb3 Re8 17. f3 Nd7 18. Be3 Bf6 19. Rac1 Bg7 20. Qd2 Qe7 21. Rc2 Nb8 22. Rfc1 Bc6 23. Nc3 Red8 24. Qe2 Bb7 25. e5 h6 26. Be4 Bxe4 27. Nxe4 Nb5 28. a4 Na7 29. b5 axb5 30. axb5 Qb4 31. Rxc7 Rxc7 32. Rxc7 Nxb5 33. Rc2 Qxb3 34. Rb2 Nc3 35. Nxc3 Qxc3 36. Rxb6 Nc6 37. h3 Nxd4 38. Qa2 Qxe3+ 0-1

[Event "Wch U16 Girls"]
[Site "Montesilvano"]
[Date "2023.11.16"]
[Round "4"]
[White "Enkhrii, Enkh Amgalan"]
[Black "Ismayil, Seljan"]
[Result "1/2-1/2"]
[WhiteElo "1821"]
[BlackElo "1384"]
[PlyCount "63"]
[EventDate "2023.11.13"]
[EventType "swiss"]
[EventRounds "11"]
[EventCountry "ITA"]
[SourceTitle "CB48_2023"]
[SourceDate "2023.11.29"]
[SourceVersion "1"]
[SourceVersionDate "2023.11.29"]
[SourceQuality "1"]

1. e4 e5 2. Nf3 Nf6 3. d4 Nxe4 4. Bd3 d5 5. Nxe5 Nd7 6. 0-0 Nxe5 7. dxe5 Bc5 8. Bxe4 dxe4 9. Qxd8+ Kxd8 10. Nc3 Bf5 11. Bg5+ Ke8 12. Nd5 Rc8 13. Rad1 c6 14. Nc3 Bb4 15. Nxe4 Bxe4 16. Rd4 Bxc2 17. Rxb4 b6 18. Rc1 Bf5 19. Ra4 h6 20. Be3 Rc7 21. h3 Ke7 22. g4 Be6 23. f4 f5 24. exf6+ Kxf6 25. Bd4+ Kf7 26. Be5 Rb7 27. Rd1 Bd5 28. Rad4 Re8 29. a3 Ke6 30. R4d2 Kf7 31. Rf1 Rbe7 32. Kh2 1/2-1/2

[Event "Wch U16 Girls"]
[Site "Montesilvano"]
[Date "2023.11.14"]
[Round "2"]
[White "Karaivanova, Petya F"]
[Black "Ismayil, Seljan"]
[Result "1/2-1/2"]
[WhiteElo "1883"]
[BlackElo "1384"]
[PlyCount "75"]
[EventDate "2023.11.13"]
[EventType "swiss"]
[EventRounds "11"]
[EventCountry "ITA"]
[SourceTitle "CB48_2023"]
[SourceDate "2023.11.29"]
[SourceVersion "1"]
[SourceVersionDate "2023.11.29"]
[SourceQuality "1"]

1. e4 c5 2. Nf3 e6 3. d4 cxd4 4. Nxd4 Nf6 5. Nc3 Nc6 6. Be3 Bb4 7. Bd3 d5 8. exd5 Nxd5 9. Nxc6 Nxe3 10. fxe3 bxc6 11. 0-0 Bxc3 12. bxc3 0-0 13. Qf3 Rb8 14. Rad1 Qa5 15. Qg3 Ba6 16. Bxa6 Qxa6 17. Rxf7 Rxf7 18. Qxb8+ Rf8 19. Qb3 Qe2 20. Qb1 Qxe3+ 21. Kh1 Qxc3 22. h3 h6 23. Rd3 Qe5 24. Qg1 a5 25. Rd1 Qb5 26. Qe1 e5 27. Kh2 Re8 28. Qe4 Qb4 29. Qxc6 Qf4+ 30. Kh1 Rf8 31. Re1 Qg3 32. Qc4+ Kh8 33. Rf1 Rf4 34. Rxf4 exf4 35. Qc8+ Kh7 36. Qf5+ Qg6 37. Qxf4 Qxc2 38. a4 1/2-1/2

[Event "EU-ch Hybrid U14 Girls"]
[Site "Tornelo INT"]
[Date "2021.10.15"]
[Round "3"]
[White "Muradyan, Anahit"]
[Black "Ismayil, Seljan"]
[Result "1-0"]
[WhiteElo "1548"]
[BlackElo "1293"]
[PlyCount "83"]
[EventDate "2021.10.15"]
[EventType "swiss"]
[EventRounds "9"]
[EventCountry "NET"]
[SourceTitle "EXT 2023"]
[Source "ChessBase"]
[SourceDate "2022.10.05"]
[SourceVersion "1"]
[SourceVersionDate "2022.10.05"]
[SourceQuality "1"]
[WhiteTeam "Armenia"]
[BlackTeam "Azerbaijan"]
[WhiteTeamCountry "ARM"]
[BlackTeamCountry "AZE"]

1. d4 Nf6 2. Nf3 g6 3. c4 Bg7 4. Nc3 d6 5. h3 0-0 6. Bf4 Nc6 7. e3 Nd7 8. Be2 e5 9. dxe5 Ndxe5 10. 0-0 Be6 11. Nxe5 Nxe5 12. Nd5 c6 13. Bxe5 Bxe5 14. Nc3 Qe7 15. Qc2 f5 16. f4 Bf6 17. e4 Rae8 18. Bd3 Bd4+ 19. Kh1 fxe4 20. Nxe4 Bf5 21. Rae1 Qh4 22. Kh2 Kh8 23. Qd2 Bg7 24. Ng5 Rxe1 25. Rxe1 Bxd3 26. g3 Qh5 27. Qxd3 h6 28. Ne6 Rg8 29. Re2 Re8 30. g4 Qh4 31. Qxg6 Re7 32. Qd3 Bxb2 33. Qxd6 Bf6 34. Kg2 a6 35. g5 Qh5 36. Qd8+ Kh7 37. Nf8+ Kg8 38. Ng6+ Kf7 39. Rxe7+ Bxe7 40. Qxe7+ Kg8 41. Qf8+ Kh7 42. Qf7# 1-0